000 00208nam a2200097Ia 4500
008 120527s9999 xx 000 0 und d
100 _aMarshall,K.
245 _aPackage deals.
260 _bI.T.P
942 _cBK
999 _c22561
_d22561